Statistiques concernant Entraîneurs en Ligue des Champions (2022-2023)

Cliquez ici pour prendre le quiz!

Statistiques générales

  • Ce quiz a été pris 79 fois
  • Le résultat moyen est 12 sur 32

Statistiques - réponses

ClubNationalitéEntraîneur% Correct
Manchester CityEspagnolePep Guardiola
99%
Real MadridItalienneCarlo Ancelotti
96%
ChelseaAllemandeThomas Tuchel
93%
Paris Saint-GermainFrançaiseChristophe Galtier
92%
Liverpool FCAllemandeJürgen Klopp
92%
Atlético de MadridArgentineDiego Simeone
85%
FC BarceloneEspagnoleXavi
85%
Tottenham HotspurItalienneAntonio Conte
77%
Bayern MunichAllemandeJulian Nagelsmann
74%
Olympique de MarseilleCroateIgor Tudor
72%
JuventusItalienneMassimiliano Allegri
66%
Inter MilanItalienneSimone Inzaghi
53%
AC MilanItalienneStefano Pioli
51%
FC SévilleEspagnoleJulen Lopetegui
38%
FC PortoPortugaiseSérgio Conceição
38%
SSC NaplesItalienneLuciano Spalletti
28%
Borussia DortmundGermano-CroateEdin Terzić
19%
Sporting CPPortugaiseRúben Amorim
16%
RB LeipzigGermano-ItalienneDomenico Tedesco
12%
Eintracht FrancfortAutrichienneOliver Glasner
9%
SL BenficaAllemandeRoger Schmidt
9%
RangersNéerlandaiseGiovanni van Bronckhorst
7%
Ajax AmsterdamNéerlandaiseAlfred Schreuder
5%
CelticAustralienneAnge Postecoglou
5%
Bayer LeverkusenHispano-SuisseGerardo Seoane
3%
RB SalzbourgAllemandeMatthias Jaissle
3%
Club BrugesBelgeCarl Hoefkens
1%
Dinamo ZagrebCroateAnte Čačić
0%
Maccabi HaïfaIsraélienneBarak Bakhar
0%
Chakhtar DonetskCroateIgor Jovicevic
0%
FC CopenhagueDanoiseJess Thorup
0%
Viktoria PlzeňTchèqueMichal Bílek
0%

Distribution des résultats

Percentile par nombre de réponses

% des personnes avec chaque résultat

Votre développement - résultats

Vous n’avez pas pris ce quiz